Juan de Mena (Record no. 92318)

MARC details
000 -LEADER
campo de control de longitud fija 01030nam a2200253 i 4500
001 - NÚMERO DE CONTROL
campo de control 92318
003 - IDENTIFICADOR DE NÚMERO DE CONTROL
campo de control ES-MaACL
005 - FECHA Y HORA DE LA ÚLTIMA TRANSACCIÓN
campo de control 20250627191010.0
007 - CAMPO FIJO DE DESCRIPCIÓN FÍSICA--INFORMACIÓN GENERAL
campo de control de longitud fija t|
008 - DATOS DE LONGITUD FIJA--INFORMACIÓN GENERAL
campo de control de longitud fija 050224s1950 mx ||||1| spa d
100 1# - ENTRADA PRINCIPAL--NOMBRE DE PERSONA
Nombre de persona Lida de Malkiel, María Rosa.
9 (RLIN) 72210
245 10 - MENCIÓN DEL TÍTULO
Título Juan de Mena
Resto del título : poeta del Prerrenacimiento Español /
Mención de responsabilidad, etc. por María Rosa Lida de Malkiel.
250 ## - MENCION DE EDICION
Mención de edición [1ª. ed.].
260 ## - PUBLICACIÓN, DISTRIBUCIÓN, ETC.
Lugar de publicación, distribución, etc. México :
Nombre del editor, distribuidor, etc. El Colegio de México,
Fecha de publicación, distribución, etc. 1950 (
Lugar de fabricación/manufactura Gráf. Panamericana)
300 ## - DESCRIPCIÓN FÍSICA
Extensión 589 p. ;
Dimensiones 24 cm.
500 ## - NOTA GENERAL
Nota general Es publicación de la Nueva Revista de Filología Hispánica I.
510 ## - NOTA DE CITAS O REFERENCIAS BIBLIOGRÁFICAS
Nombre de la fuente CCPB,
Localización dentro de la fuente 000952637-4
600 14 - PUNTO DE ACCESO ADICIONAL DE MATERIA--NOMBRE DE PERSONA
Nombre de persona Mena, Juan de,
Fechas asociadas al nombre 1411-1456
9 (RLIN) 80047
852 ## - LOCALIZACIÓN
Ubicación ES-MaACL
Número de control de estantería D-6515
Sublocalización o colección R.31210
-- R.M.6106
itemnumber 95689
Ubicación en estantería Sala Valle Inclán
Marcas de propiedad Sello en tinta azul de la Biblioteca del Ateneo de Madrid
Encuadernación Encuadernación holandesa en tela roja
942 ## - ELEMENTOS DE ENTRADA SECUNDARIOS (KOHA)
Fuente del sistema de clasificación o colocación Clasificación decimal universal
Tipo de ítem Koha Libro impreso
Holdings
Estatus retirado Estado de pérdida Estado de daño No para préstamo Biblioteca de origen Biblioteca actual Ubicación en estantería Fecha de adquisición Fuente de adquisición Total de préstamos Signatura topográfica completa Código de barras Visto por última vez Precio de reemplazo Tipo de ítem Koha
        Biblioteca del Ateneo de Madrid Biblioteca del Ateneo de Madrid Sala Valle Inclán 17/01/2008     D-6515 901096382 23/02/2023 23/02/2023 Libro impreso